| 000 | 00474nam a22001577a 4500 | ||
|---|---|---|---|
| 005 | 20251108165515.0 | ||
| 008 | 250721s9999 xx 000 0 ara d | ||
| 082 | 1 | 4 | _aم/811.973/ايل |
| 100 | 1 | _aأبو ماضي، ايليا | |
| 245 | 1 | 0 |
_aديوان ايليا أبو ماضي : _bشاعر المهجر الأكبر / |
| 264 | 1 |
_aبيروت : _bدار العوده، |
|
| 300 | _a857ص0 | ||
| 650 | 1 | 7 | _aالشعر العربي |
| 942 |
_2ddc _cREF |
||
| 999 |
_c29549 _d29549 |
||